Offer-Hoar and others v Larkstore Ltd and others (Record no. 76320)
[ view plain ]
| 000 -LEADER | |
|---|---|
| fixed length control field | 02117cab a2200229 4500 |
| 001 - CONTROL NUMBER | |
| control field | ##L132077 |
| 008 - FIXED-LENGTH DATA ELEMENTS--GENERAL INFORMATION | |
| fixed length control field | 060103n2005 000 0 eng u |
| 035 ## - SYSTEM CONTROL NUMBER | |
| System control number | (Sirsi) u132077 |
| 041 0# - LANGUAGE CODE | |
| Language code of text/sound track or separate title | eng |
| 245 00 - TITLE STATEMENT | |
| Title | Offer-Hoar and others v Larkstore Ltd and others |
| 260 ## - PUBLICATION, DISTRIBUTION, ETC. | |
| Date of publication, distribution, etc. | 2005 |
| 520 ## - SUMMARY, ETC. | |
| Summary, etc. | [2005] EWHC 2742 (TCC), 2 December 2005. Concerns a claim by the owners (O-H) of development land for damages sustained through a landslip allegedly caused by excavations carried out on the first defendant's (L) land by the second defendant contractor (B). L had purchased O-H's development site with planning permission and had been assigned a geo-technical report obtained by O-H from specialists T. L had relied on the report to fulfil a condition of the planning permission for the development: the assignment expressly included the right to sue T if it breached its duties and obligations. L agreed to pay O-H in return for the assignment 50% of the net monies received from T in respect of any proceedings arising from any assigned cause of action. L also commenced a Part 20 claim against T for the recovery of part of its losses from T and to ascertain whether T owed a duty of care either to O-H or L. "Held": the assignment was valid: the report was a vital part of the planning permission being sold with the land. T owed no duty of care to L in respect of its economic loss but did owe a duty of care to O-H in respect of the damage caused to their properties. |
| 590 ## - LOCAL NOTE (RLIN) | |
| Local note | IKA030106 |
| 650 24 - SUBJECT ADDED ENTRY--TOPICAL TERM | |
| Topical term or geographic name entry element | OFFER-HOAR AND OTHERS V LARKSTORE LTD AND OTHERS |
| 650 24 - SUBJECT ADDED ENTRY--TOPICAL TERM | |
| Topical term or geographic name entry element | MIDLAND BANK PLC V BARDGROVE PROPERTY SERVICES LTD |
| 650 24 - SUBJECT ADDED ENTRY--TOPICAL TERM | |
| Topical term or geographic name entry element | BELLEFIELD COMPUTER SERVICES LTD AND OTHERS V E TURNER AND SONS |
| 650 24 - SUBJECT ADDED ENTRY--TOPICAL TERM | |
| Topical term or geographic name entry element | LINDEN GARDENS TRUST LTD V LENESTA SLUDGE DISPOSALS LTD |
| 650 24 - SUBJECT ADDED ENTRY--TOPICAL TERM | |
| Topical term or geographic name entry element | TRENDTEX TRADING CORPORATION V CREDIT SUISSE |
| 690 ## - LOCAL SUBJECT ADDED ENTRY--TOPICAL TERM (OCLC, RLIN) | |
| Topical term or geographic name as entry element | MANAGEMENT-BUSINESS MANAGEMENT-PROFESSIONAL PRACTICE-DUTY OF CARE-LIABILITY |
| 856 40 - ELECTRONIC LOCATION AND ACCESS | |
| Uniform Resource Identifier | <a href="https://www.bailii.org/cgi-bin/markup.cgi?doc=/ew/cases/EWHC/TCC/2005/2742.html&query=Offer-Hoar&method=all">https://www.bailii.org/cgi-bin/markup.cgi?doc=/ew/cases/EWHC/TCC/2005/2742.html&query=Offer-Hoar&method=all</a> |
| Public note | View the judgment free of charge at www.bailii.org... |
| 942 ## - ADDED ENTRY ELEMENTS (KOHA) | |
| Suppress in OPAC | 0 |
| Withdrawn status | Lost status | Source of classification or shelving scheme | Damaged status | Not for loan | Home library | Current library | Shelving location | Date acquired | Total Checkouts | Full call number | Barcode | Date last seen | Copy number | Price effective from | Koha item type |
|---|---|---|---|---|---|---|---|---|---|---|---|---|---|---|---|
| Dewey Decimal Classification | Virtual | Virtual | Online | 03/01/2006 | ONLINE PUBLICATION | 132077-2001 | 06/08/2019 | 1 | 06/08/2019 | Law report |